00525nam a2200193 a 4500001001300000003000900013005001700022008004100039020001000080082001500090100001700105245005400122260004000176300000800216500003500224505002800259650002700287700001700314nice12345678IN_TiNIC20260116011628.0050524s1930 laha grp 000 0 urd  ac10000a232.9bHAS aHasan, J S A aHazrat Isa Ki Mukhtasar Sawaneh Umri Az Rue Islam aLahorebGilani Electric Pressc1930 a69p aincludes index and biblioraphy2 aHand Written Manuscript aJesus Christ-Biography1 aHasan, J S A